000 00376nam a2200157 i 4500
001 bg
100 1 _aKOCAŃDA, Stanisław
245 0 _aZmęczeniowe pękanie metali /
_cStanisław Kacańda.
250 _aWyd.3 rozszerz.
260 _aWarszawa,
_c1985.
650 9 _aPękanie
040 _cBPK
041 _apol
942 _cKS
008 s pl f |000 0 pol
999 _c1253
_d1253
856 _uhttp://koha.tu.koszalin.pl/cgi-bin/koha/opac-detail.pl?biblionumber=1253
_yKatalog online BPK